The interfaith movement :mobilising religious diversity in the 21st century

Guardat en:
Dades bibliogràfiques
Format: Llibre
Idioma:anglès
Publicat: Routledge 2020
Etiquetes: Afegir etiqueta
Sense etiquetes, Sigues el primer a etiquetar aquest registre!

MARC

LEADER 00000nam a22000007a 4500
008 240116b |||||||| |||| 00| 0 eng d
020 |a  9781138606302 
245 |a The interfaith movement  |b  :mobilising religious diversity in the 21st century  |c  / edited by John Fahy and Jan-Jonathan Bock.  |e (Social movements in the 21st century: New Paradigms)  |g xiii,239p 
250 |c Bock, Jan-Jonathan 
250 |c  Fahy, John 
260 |b Routledge  |c 2020  |h London  |i 700303  |i 700304  |l BL410.In8  |m Religions--Relations. 
500 |a Includes bibliographical references and index. 
942 |a lcc  |c BK  |e Johnson  |f 16/01/24 
999 |c 2391  |d 2391